000 00275nam a2200109 4500
999 _c9708
_d9708
003 OSt
005 20211217164408.0
008 211217b ||||| |||| 00| 0 eng d
245 _aDirectory of Architects/council of Architecture
260 _aCouncil of Architecture
942 _2ddc